000 01675nam a2200265 a 4500
001 85404
003 BD-RjUL
005 20250803102336.0
008 250731s2024 bg ||||| m||| 00| 0 ben d
035 _a(BD-RjUL)85404
040 _aBD-RjUL
_bben /eng
_cBD-RjUL
_dBD-RjUL
041 _aben
082 _223
_a 297.2
_bMUS 2024
100 _aহুসাইন, মুকাররম
_916384
245 1 0 _aশাহ ওয়ালীউল্লাহ দেহলভী রচিত হুজ্জাতুল্লাহিল বালিগাহ = (Hujjatullahil Baligah by Shah Waliullah Dehlawi) :
_bবিষয়বস্তু ও ভাষাশৈলীর মূল্যায়ন = (an evaluation of subject matter and language) /
_cমুকাররম হুসাইন ;
_6তত্ত্বাবধায়ক : ইফতিখারুল আলম মাসউদ
260 _aরাজশাহী :
_bআরবী বিভাগ, রাজশাহী বিশ্ববিদ্যালয়,
_c২০২৪
300 _axxiii, ৩৩০ পাতা ;
_c২৯ সেমি.
502 _aথিসিস (পিএইচ. ডি.) -- আরবী বিভাগ, রাজশাহী বিশ্ববিদ্যালয়, ২০২৪
504 _aগ্রন্থপঞ্জী : পাতা ৩১৮-৩৩০
600 _aWalī Allāh al-Dihlawī,
_d1702 or 1703-1762 or 1763.
_916400
650 _aIslam
_vEarly works to 1800.
650 _aSufism
_vEarly works to 1800
_9176
700 _aমাসউদ, ইফতিখারুল আলম, তত্ত্বাবধায়ক
_91549
942 _2ddc
_cTHE
999 _c85404
_d85404